000 00484nam a2200157Ia 4500
005 20250508152031.0
008 008 250505s9999 xx 000 0 eng d
037 _aBooks to be hide in OPAC
040 _aFEDL
_beng
_cFEDL
041 _aeng
_2eng
084 _a379.5482, MAD/O
_qFEDL
245 0 _aReport on public instruction in the Madras presidency for the year 1933-34, Vol 2
300 _av,239p.
942 _cHB
_h379.5482, MAD/O
999 _c1333786
_d1333786